| 000 | 00625nam a2200253Ia 4500 | ||
|---|---|---|---|
| 008 | 160803s9999 xx 000 0 und d | ||
| 020 | _a978-0439651394 | ||
| 100 | _aKorman, Gordon | ||
| 245 | 4 | _aThe stowaway solution / | |
| 245 | _cGordon Korman. | ||
| 260 | _aNew York : | ||
| 260 | _bScholastic Inc. | ||
| 260 | _c2005 | ||
| 300 | _a149 pages ; | ||
| 300 | _c20 cm. | ||
| 440 | _aOn the run ; | ||
| 440 | _vbk. 4. | ||
| 500 | _a"An Apple paperback." | ||
| 650 | _aAdventure and adventurers -- | ||
| 650 | _aFugitives from justice -- | ||
| 650 | _xFiction. | ||
| 650 | _xFiction. | ||
| 700 | _a770 | ||
| 999 |
_c298684 _d298684 |
||